1751 1887 1609 1429 1199 1102 1356 1782 1460 1041 1619 1943 1993 1140 1744 1920 1646 1839 1440 1529 1899 1545 1985 1723 1767 1499 1733 1550 1415 1613 1868 1653 1338 1769 1760 1417 1929 1913 1289 1356 1400 1441 1297 1858 1682 1871 1004 1062 1015 1120 1129 1433 1499 1970 1982 1844 1180 1514 1276 1189 1844 1507 1583 1190 1402 1373 1848 1588 1151 1135 1883 1514 1264 1541 1401 1499 1791 1092 1577 1973 1594 1510 1150 1788 1655 1435 1903 1602 1978 1707 1874 1623 1212 1038 1999 1768 1355 1033 1375 BCNSPRNW ULIB Ver.6.0+V

เปลี่ยนเป็นภาษาไทย

Change to English
 แสดงรายละเอียดบรรณานุกรม
  กลับหน้าหลัก

Brief Record : Get Marc (ISO 2709) : E-mail record : QR code < ปิดหน้าต่าง
LEADER : 00000nam 2200000uu 4500
001    13399113636
003     ULIB
008    110627s2553||||th 000 0 tha d
020    9786169003373
090    นว.^bพ181ฆ 2553
100 0  พญาผึ้ง
245 00 ฆาตกรรมทำเพื่อเธอ/^cพญาผึ้ง
250    พิมพ์ครั้งที่ 1
260    กรุงเทพฯ :^bBlue Butterfly,^c2553
300    248 หน้า
710 1  Blue Butterfly
945    ^p192^l0^i028019
995    ทศพร
999 ^a ใช้งานได้ทุกระบบ
รายการนี้ยังไม่มีแท็ก
คุณยังไม่ได้ล็อกอิน คุณสามารถมีกิจกรรมร่วมกับเว็บไซต์ได้ แต่ต้องล็อกอินก่อน ::
  ล็อกอิน

รายการสื่อสารสนเทศ

ลำดับที่ ประเภท เลขเรียก/บาร์โค้ด สถานที่ สถานะ
1. นวนิยาย
นวนิยาย
นว. พ181ฆ 2553 ฉ.1 
  Barcode: 028019
ห้องสมุดวิทยาเขตสวรรค์ประชารักษ์
►นวนิยาย
บนชั้น
  ขอยืม

BibComment


ยังไม่เคยถูกคอมเมนท์

คอมเมนท์ทรัพยากรรายการนี้
  คอมเมนท์: ฆาตกรรมทำเพื่อเธอ..


 Copyright 2026. Bcnsprnw @Library